Ηθικαί διδασκαλίαι δια τους νέους : εκθέσεις δια τους υποψηφίους όλων των ανωτέρων σχολών
Αποθηκεύτηκε σε:
| Κύριος συγγραφέας: | |
|---|---|
| Μορφή: | Βιβλίο |
| Γλώσσα: | Greek |
| Δημοσίευση: |
Αθήναι :
Μ. Γ. Βασιλείου,
[19--;]
|
| Έκδοση: | 2η έκδ. |
| Θέματα: | |
| Ετικέτες: |
Προσθήκη ετικέτας
Δεν υπάρχουν, Καταχωρήστε ετικέτα πρώτοι!
|
MARC
| LEADER | 00000cam a2200000 i 4500 | ||
|---|---|---|---|
| 001 | 1/82664 | ||
| 008 | 050802q19401950gr | ||| |||| ||gre|| | ||
| 035 | |l 10079585 | ||
| 040 | |a GR-MyUa |b gre |e AACR2 | ||
| 041 | 0 | |a gre | |
| 082 | 7 | |a 230.19 |2 (22) | |
| 100 | 1 | |a Καλογερέας, Επαμεινώνδας Α. | |
| 245 | 1 | 0 | |a Ηθικαί διδασκαλίαι δια τους νέους : |b εκθέσεις δια τους υποψηφίους όλων των ανωτέρων σχολών / |c Επαμ. Α. Καλογερέα. |
| 250 | |a 2η έκδ. | ||
| 260 | |a Αθήναι : |b Μ. Γ. Βασιλείου, |c [19--;] | ||
| 300 | |a 303 σ. ; |c 24 εκ. | ||
| 610 | 2 | 0 | |a Orthodox Eastern Church |x Doctrines. |
| 650 | 0 | |a Theology, Doctrinal. | |
| 650 | 0 | |a Moral education |z Greece. | |
| 852 | |a INST |b RHODES |c KRI |e 20050802 |h 230.19 ΚΑΛ |p 005400028449 |q 005400028449 |t BK |y 0 | ||
| 901 | |a BIBL4-2005-2 | ||
| 970 | |a ΚΟΖΑ |b ΜΑΡΙΑ |z 2005/08/02 | ||